000 01925nam a2200313 a 4500
650 7 _aСветци, български
_2
_9170331
999 _c490046
_d490046
003 BLK
005 20230811005154.0
008 180911b bul|||||r ||||||| ||bul||
010 _a001406
040 _aBLK
041 _aBUL
_cBUL
080 _aЦърковни календари. Мартиролози (сборници с жития на светци). Вж и 235. 3
_b264-11
_x264-11
080 _aБългарска православна църква
_b271.22(497.2)
_z271.22(497.2)
100 1 _eпърви автор
_9486994
139 _aКратко животоописание на преподобния наш отец Димитрий Басарбовски, св. мощи на когото почиват в Митрополитската църква в гр. Букурещ
245 1 0 _aКратко животоописание на преподобния наш отец Димитрий Басарбовски, св. мощи на когото почиват в Митрополитската църква в гр. Букурещ
_cПобългарил и изд. от архимандрит Натанаил Стоянов ; прераб. на новобълг. ез. Христо К. Попов
250 _aфототип. изд.
260 _aРусе
_bРусенска Св. Митрополия
_c2016
_9471121
300 _a26 с
_bс ил..
_c15 см
380 _a2
500 _aФототипно издание на Житие на св. Димитър Басарбовски от 1928 г. с благословение на Русенски митрополит Наум.
600 1 4 _962710
_aДимитър Басарбовски, свети
653 _aжития
653 7 _9182715
_aбългарски светци
856 _i0.00
_ldisable
942 _cKNG
_n0
_s1
944 _aCR
_c2023-03-24
_k
_lCRON CRON